000
00511nam a2200181Ia 4500
008
090711s9999 xx 000 0 und d
082
_b
28667
100
_a
ओशो रजनीश
245
_a
गीता दर्शन
260
_c
1984
300
_a
34
600
_a
ओशो रजनीश
630
_a
गीता दर्शन
700
_a
ओशो रजनीश
700
_a
पुंगलिया वंदना
730
_a
गीता दर्शन
942
_c
BOOK
999
_c
285644
_d
285644